| 000 | 00796nas a2200265 4500 | ||
|---|---|---|---|
| 001 | BR2016004499 | ||
| 003 | BR-BrBNA | ||
| 005 | 20231205130703.0 | ||
| 007 | ta | ||
| 008 | 230509b bl.|||p| |||| 00| 00por d | ||
| 040 |
_aBR-BrBNA _bpor _cBiblioteca Nacional de Agricultura |
||
| 041 | _a(Pt) | ||
| 072 | _aL50; L73 | ||
| 100 | 1 | _aRocha, R.M. | |
| 100 | 1 | _aRocha, R.M. | |
| 245 | 1 | _aParâmetros hematológicos de cães naturalmente infectados por Ehrlichia sp. em Manaus (Am) | |
| 650 | _aCÃO | ||
| 650 | _aHEMOGRAMA | ||
| 650 | _aDIAGNÓSTICO | ||
| 650 | _aDOENÇA ANIMAL | ||
| 650 | _aANÁLISE QUÍMICA | ||
| 773 | 0 |
_tRevista CFMV (Brazil) _xISSN 1517-6959 _g(Jul-Sep 2016), v. 22(70) p. 79-83 _wBR2016004499 |
|
| 909 |
_a202311 _bLúcia _c55 _dLúcia Elande |
||
| 942 |
_2AGRIS _n0 _cANA |
||
| 999 |
_c250701 _d250701 |
||